Architectural precedents (Record no. 114007)

MARC details
000 -LEADER
fixed length control field 00798cam a22002175a 4500
001 - CONTROL NUMBER
control field L156053
008 - FIXED-LENGTH DATA ELEMENTS--GENERAL INFORMATION
fixed length control field 120426s1841 xxk f 000 0 eng d
035 ## - SYSTEM CONTROL NUMBER
System control number (Sirsi) u156053
041 0# - LANGUAGE CODE
Language code of text/sound track or separate title eng
245 00 - TITLE STATEMENT
Title Architectural precedents
Remainder of title consisting of plans, elevations, sections and details ... ; accompanied by section I of an essay on architectural practice by T. L. Walker
250 ## - EDITION STATEMENT
Edition statement 3rd ed.
260 ## - PUBLICATION, DISTRIBUTION, ETC.
Place of publication, distribution, etc. London
Name of publisher, distributor, etc. Library of Fine Arts
Date of publication, distribution, etc. 1841
300 ## - PHYSICAL DESCRIPTION
Extent 1 v. (various pagings)
Other physical details ill.
Dimensions 24 cm.
520 ## - SUMMARY, ETC.
Summary, etc. Previous editions attributed to Christopher Davy.
583 ## - ACTION NOTE
Action Condition reviewed
Time/date of action 20120620
Status condition level 4
651 #4 - SUBJECT ADDED ENTRY--GEOGRAPHIC NAME
Geographic name Great Britain
Chronological subdivision 1707-
690 ## - LOCAL SUBJECT ADDED ENTRY--TOPICAL TERM (OCLC, RLIN)
Topical term or geographic name as entry element Design and specification
700 1# - ADDED ENTRY--PERSONAL NAME
Personal name Walker, T. L.
Fuller form of name (Thomas Larkin)
700 1# - ADDED ENTRY--PERSONAL NAME
Personal name Davy, Christopher
942 ## - ADDED ENTRY ELEMENTS (KOHA)
Suppress in OPAC 0
Holdings
Withdrawn status Lost status Damaged status Not for loan Home library Current library Shelving location Date acquired Total Checkouts Full call number Barcode Date last seen Copy number Price effective from Koha item type
        Historic collection Historic collection Historic collection 26/04/2012   INFRASTRUCTURE QUARTO 1841 ARCHITECTURAL 30077945 20/08/2025 1 06/08/2019 Book